Ultimate Countries & Capitals Challenge - No Map, Hints, or Type Ins - Statistics

General Stats
  • This quiz has been taken 731 times
    129 since last reset
  • The average score is 257 of 396
Answer Stats
Answer % Correct
Canada
87%
Mexico
87%
Panama
83%
United States
83%
Washington D.C.
83%
Armenia
80%
Australia
80%
Bulgaria
80%
China
80%
Finland
80%
Germany
80%
Helsinki
80%
Iceland
80%
Mexico City
80%
Montenegro
80%
North Korea
80%
Norway
80%
Oslo
80%
Ottawa
80%
Portugal
80%
Russia
80%
Sofia
80%
South Korea
80%
Spain
80%
Stockholm
80%
Sweden
80%
Vatican City
80%
Albania
77%
Argentina
77%
Austria
77%
Beijing
77%
Belarus
77%
Belize
77%
Berlin
77%
Brazil
77%
Buenos Aires
77%
Canberra
77%
Chile
77%
Croatia
77%
Cyprus
77%
Egypt
77%
Estonia
77%
France
77%
Georgia
77%
Guatemala
77%
Hungary
77%
India
77%
Ireland
77%
Italy
77%
Japan
77%
Latvia
77%
Lisbon
77%
Lithuania
77%
Malta
77%
Mongolia
77%
Moscow
77%
New Delhi
77%
New Zealand
77%
North Macedonia
77%
Pakistan
77%
Paraguay
77%
Poland
77%
Pyongyang
77%
Riga
77%
San Marino
77%
Sarajevo
77%
Seoul
77%
Skopje
77%
Tallinn
77%
Tunis
77%
Turkey
77%
United Kingdom
77%
Vilnius
77%
Zagreb
77%
Afghanistan
73%
Andorra
73%
Bahamas
73%
Bahrain
73%
Bern
73%
Brasília
73%
Costa Rica
73%
Czech Republic
73%
Dominica
73%
Dublin
73%
Greece
73%
Haiti
73%
Iran
73%
Iraq
73%
Israel
73%
Jamaica
73%
Laos
73%
Liechtenstein
73%
London
73%
Madrid
73%
Malaysia
73%
Monaco
73%
Morocco
73%
Nepal
73%
Nicosia
73%
Palau
73%
Panama City
73%
Papua New Guinea
73%
Paris
73%
Qatar
73%
Reykjavík
73%
Romania
73%
Rome
73%
Slovakia
73%
Slovenia
73%
Switzerland
73%
Syria
73%
Thailand
73%
Tokyo
73%
Tunisia
73%
Turkmenistan
73%
Ukraine
73%
Uruguay
73%
Uzbekistan
73%
Venezuela
73%
Vienna
73%
Vietnam
73%
Yemen
73%
Algeria
70%
Algiers
70%
Amman
70%
Andorra la Vella
70%
Ankara
70%
Athens
70%
Azerbaijan
70%
Baku
70%
Bangladesh
70%
Belmopan
70%
Bhutan
70%
Bolivia
70%
Bosnia and Herzegovina
70%
Budapest
70%
Cairo
70%
Caracas
70%
Colombia
70%
Cuba
70%
Dhaka
70%
Guatemala City
70%
Guyana
70%
Hanoi
70%
Jordan
70%
Kingston
70%
Kosovo
70%
La Paz
70%
Libya
70%
Ljubljana
70%
Maldives
70%
Marshall Islands
70%
Minsk
70%
Moldova
70%
Myanmar
70%
Ngerulmud
70%
Nicaragua
70%
Oman
70%
Peru
70%
Podgorica
70%
Pristina
70%
Saint Kitts and Nevis
70%
Saint Vincent and the Grenadines
70%
San José
70%
San Salvador
70%
Santiago
70%
Saudi Arabia
70%
Singapore
70%
Solomon Islands
70%
Tajikistan
70%
Tbilisi
70%
Tirana
70%
Tonga
70%
Trinidad and Tobago
70%
United Arab Emirates
70%
Vaduz
70%
Vanuatu
70%
Wellington
70%
Amsterdam
67%
Ashgabat
67%
Asunción
67%
Baghdad
67%
Bangkok
67%
Barbados
67%
Belgium
67%
Brussels
67%
Bucharest
67%
Cambodia
67%
Doha
67%
Dominican Republic
67%
Dushanbe
67%
Ecuador
67%
El Salvador
67%
Fiji
67%
Honduras
67%
Honiara
67%
Indonesia
67%
Islamabad
67%
Jakarta
67%
Jerusalem
67%
Kenya
67%
Kuala Lumpur
67%
Kyiv
67%
Kyrgyzstan
67%
Lebanon
67%
Lima
67%
Luxembourg
67%
Manama
67%
Montevideo
67%
Muscat
67%
Nassau
67%
Nauru
67%
Netherlands
67%
Niger
67%
Nigeria
67%
Nukuʻalofa
67%
Port Moresby
67%
Port-of-Spain
67%
Quito
67%
Rabat
67%
Saint George's
67%
Saint Lucia
67%
Samoa
67%
Serbia
67%
South Africa
67%
Sri Lanka
67%
Suriname
67%
Taiwan
67%
Tashkent
67%
Tehran
67%
Tripoli
67%
Warsaw
67%
Yerevan
67%
Abu Dhabi
63%
Antigua and Barbuda
63%
Beirut
63%
Belgrade
63%
Bishkek
63%
Bogotá
63%
Chișinău
63%
Damascus
63%
East Timor
63%
Eritrea
63%
Funafuti
63%
Georgetown
63%
Grenada
63%
Havana
63%
Kathmandu
63%
Kazakhstan
63%
Kingstown
63%
Kuwait
63%
Managua
63%
Manila
63%
Nairobi
63%
Palikir
63%
Paramaribo
63%
Philippines
63%
Phnom Penh
63%
Port-au-Prince
63%
Port Vila
63%
Prague
63%
Saint John's
63%
Sana'a
63%
Senegal
63%
Somalia
63%
Sudan
63%
Suva
63%
Tegucigalpa
63%
Tuvalu
63%
Ulaanbaatar
63%
Apia
60%
Astana
60%
Basseterre
60%
Bratislava
60%
Bridgetown
60%
Burundi
60%
Chad
60%
Copenhagen
60%
Dili
60%
Djibouti
60%
Ethiopia
60%
Guinea
60%
Guinea-Bissau
60%
Kabul
60%
Kiribati
60%
Majuro
60%
Malé
60%
Mali
60%
Naypyidaw
60%
Riyadh
60%
Rwanda
60%
South Sudan
60%
Taipei
60%
Tanzania
60%
Thimphu
60%
Vientiane
60%
Asmara
57%
Botswana
57%
Castries
57%
Denmark
57%
Federated States of Micronesia
57%
Freetown
57%
Gambia
57%
Khartoum
57%
Kuwait City
57%
Liberia
57%
Mauritania
57%
Mogadishu
57%
Roseau
57%
Santo Domingo
57%
South Tarawa
57%
Sucre
57%
Valletta
57%
Yaren
57%
Zimbabwe
57%
Abuja
53%
Addis Ababa
53%
Bamako
53%
Benin
53%
Brunei
53%
Cape Town
53%
Conakry
53%
Dodoma
53%
Gabon
53%
Harare
53%
Kigali
53%
Madagascar
53%
Mauritius
53%
Monrovia
53%
Mozambique
53%
Namibia
53%
Niamey
53%
Pretoria
53%
Sierra Leone
53%
Togo
53%
Windhoek
53%
Bandar Seri Begawan
50%
Bissau
50%
Central African Republic
50%
Dakar
50%
Ghana
50%
Ivory Coast
50%
Kampala
50%
Maputo
50%
N'Djamena
50%
Nouakchott
50%
Porto-Novo
50%
Praia
50%
São Tomé
50%
Uganda
50%
Cameroon
47%
Comoros
47%
Gaborone
47%
Juba
47%
Lomé
47%
Malawi
47%
Seychelles
47%
Zambia
47%
Accra
43%
Angola
43%
Banjul
43%
Bloemfontein
43%
Cape Verde
43%
Libreville
43%
Yamoussoukro
43%
Yaoundé
43%
Antananarivo
40%
Bangui
40%
Brazzaville
40%
Burkina Faso
40%
Democratic Republic of the Congo
40%
Eswatini
40%
Gitega
40%
Kinshasa
40%
Lesotho
40%
Luanda
40%
Lusaka
40%
Maseru
40%
Moroni
40%
Republic of the Congo
40%
Victoria
40%
Equatorial Guinea
37%
Lilongwe
37%
Mbabane
37%
Ouagadougou
37%
Port Louis
37%
São Tomé and Príncipe
37%
Sri Jayawardenepura Kotte
30%
Cotonou
27%
Ciudad de la Paz
20%
No matching quizzes found
Score Distribution
Percent of People with Each Score
Percentile by Number Answered
Your Score History
You have not taken this quiz since the last reset